书目信息 |
| 题名: |
水杉
|
|
| 作者: | 刘永传 编著 | |
| 分册: | ||
| 出版信息: | 武汉 湖北人民出版社 1978 |
|
| 页数: | 144页 | |
| 开本: | 19cm | |
| 丛书名: | 农村科学实验丛书 | |
| 单 册: | ||
| 中图分类: | S791.35 | |
| 科图分类: | ||
| 主题词: | 水杉 | |
| 电子资源: | ||
| ISBN: | 16106.350 | |
| 000 | 00658oam2 2200253 450 | |
| 001 | 0178000685 | |
| 005 | 20100712215346.0 | |
| 010 | @a16106.350@dCNY0.36 | |
| 091 | @a16106.350 | |
| 100 | @a19950811d1978 em y0chiy0110 ea | |
| 101 | 0 | @achi |
| 102 | @aCN@b420000 | |
| 105 | @ay z 000yy | |
| 106 | @ar | |
| 200 | 1 | @a水杉@9Shui Shan;Sha @f刘永传等编著 |
| 210 | @a武汉@c湖北人民出版社@d1978 | |
| 215 | @a144页@d19cm | |
| 225 | 2 | @a农村科学实验丛书 |
| 461 | 0 | @12001 @a农村科学实验丛书 |
| 606 | 0 | @a水杉 |
| 690 | @aS791.35@v3 | |
| 701 | 0 | @a刘永传@9liu yong chuan@4编著 |
| 801 | 0 | @aCN@b91MARC@c20130904 |
| 905 | @aBZT@dS791.35@e1@f3@sS791.35/1 | |
| 水杉/刘永传等编著.-武汉:湖北人民出版社,1978 |
| 144页;19cm.-(农村科学实验丛书) |
| ISBN 16106.350:CNY0.36 |
| ● |
| 相关链接 |
|
|
|
正题名:水杉
索取号:S791.35/1
 
预约/预借
| 序号 | 登录号 | 条形码 | 馆藏地/架位号 | 状态 | 备注 |
| 1 | 2000038011 | 2000038011 | 旧书回溯/ [索取号:S791.35/1] | 在馆 | |
| 2 | 2000140923 | 2000140923 | 旧书回溯/ [索取号:S791.35/1] | 在馆 | |
| 3 | 2000140924 | 2000140924 | 旧书回溯/ [索取号:S791.35/1] | 在馆 |